| 000 | 00957nmc a2200337 a 4500 | ||
|---|---|---|---|
| 003 | AR-BaBNM | ||
| 005 | 20251128211252.0 | ||
| 008 | 125020s2004 ||||||||||||||000 | spa|| | ||
| 020 | _a950-892-178-1 | ||
| 040 | _cAR-BaBNM | ||
| 100 | 1 | _aHurrell, Silvia | |
| 245 | 1 | 0 |
_aProyectos con todos _bdesde el aula y la escuela a la comunidad |
| 250 | _a1ª ed. | ||
| 260 |
_aBuenos Aires _bLugar Editorial _c2004 |
||
| 300 | 0 | _a183 p. | |
| 490 | 0 | _aEn las aulas | |
| 504 | _aBibliografía en p. 182-183 | ||
| 650 | 4 | _aPARTICIPACION DE LA COMUNIDAD | |
| 650 | 4 | _aRECURSOS DIDACTICOS | |
| 653 | 0 | _aPROYECTOS CURRICULARES | |
| 653 | 0 | _aPROYECTOS DE AULA | |
| 653 | 0 | _aPROYECTO INSTITUCIONAL | |
| 653 | 0 | _aEXPERIENCIAS EDUCATIVAS | |
| 653 | 0 | _aINTEGRACION DE AREAS | |
| 653 | 0 | _aEDUCACION GENERAL BASICA | |
| 653 | 0 | _aESTRATEGIAS DIDACTICAS | |
| 700 | 1 | _aPisos, Cecilia | |
| 800 | 1 | _aPironio, Susana | |
| 942 | _cBK | ||
| 998 | _cme-solo cat | ||
| 999 |
_c18932 _d18932 |
||